Songs in my Playlist Quiz - Statistics

General Stats
  • This quiz has been taken 28 times
    14 since last reset
  • The average score is 255 of 500
Answer Stats
Song Artist % Correct
Patiently Waiting 50 Cent ft. Eminem
92%
Forgot About Dre Dr. Dre ft. Eminem
92%
B**ch Please II Eminem ft. Dr. Dre, Nate Dogg, Xzibit, Snoop Dogg
92%
Just Lose It | Lose Yourself | My Name Is | +5 others Eminem
85%
Stan Eminem ft. Dido
85%
Godzilla Eminem ft. Juice WRLD
85%
Love The Way You Lie Eminem ft. Rihanna
85%
Love The Way You Lie (Part II) Rihanna ft. Eminem
85%
P.I.M.P. (Remix) 50 Cent ft. Snoop Dogg
77%
Back In Black | Highway to Hell | T.N.T. | +2 others AC/DC
77%
(You Drive Me) Crazy | ...Baby One More Time | 3 | +23 others Britney Spears
77%
Make Me... Britney Spears ft. G-Eazy
77%
Me Against the Music Britney Spears ft. Madonna
77%
Nuthin' But A "G" Thang | Still D.R.E. | The Next Episode Dr. Dre ft. Snoop Dogg
77%
I'm Still Standing | Saturday Night's Alright (For Fighting) Elton John
77%
Don't Go Breaking My Heart Elton John ft. Kiki Dee
77%
Dream On Gregg Bissonette ft. Paul Taylor, Ronnie James Dio, Stuart Hamm, Yngwie Malmsteen
77%
Run This Town JAY-Z ft. Rihanna, Kanye West
77%
ONE OF ME Lil Nas X ft. Elton John
77%
Uptown Funk Mark Ronson ft. Bruno Mars
77%
Payphone Maroon 5 ft. Wiz Khalifa
77%
Bad | Billie Jean | Black or White | Smooth Criminal Michael Jackson
77%
Ordinary Man Ozzy Osboune ft. Elton John
77%
Work Rihanna ft. Drake
77%
Umbrella Rihanna ft. JAY-Z
77%
Young, Wild & Free Snoop Dogg ft. Bruno Mars, Wiz Khalifa
77%
Blinding Lights | Can't Feel My Face The Weeknd
77%
Africa | Hold The Line TOTO
77%
2 Of Amerikaz Most Wanted Tupac Shakur ft. Snoop Dogg
77%
Scream & Shout will.i.am ft. Britney Spears
77%
Disco Inferno | If I Can't | In Da Club | +3 others 50 Cent
69%
Candy Shop 50 Cent ft. Olivia
69%
Hate It Or Love It (Remix) 50 Cent ft. The Game, Tony Yayo, Young Buck, Lloyd Banks
69%
Crazy In Love Beyoncé ft. JAY-Z
69%
That's What I Like | The Lazy Song Bruno Mars
69%
Get Lucky Daft Punk ft. Pharrell Williams, Nile Rodgers
69%
Knockin' On Heaven's Door | Paradise City | Sweet Child O' Mine | Welcome To The Jungle Guns N' Roses
69%
Wiggle Jason Derulo ft. Snoop Dogg
69%
Empire State Of Mind JAY-Z ft. Alicia Keys
69%
Ni**as In Paris JAY-Z ft. Kanye West
69%
Stronger Kanye West
69%
Mercy.1 Kanye West ft. Big Sean, Pusha T, 2 Chainz
69%
Gold Digger Kanye West ft. Jamie Foxx
69%
Compton | The Recipe Kendrick Lamar ft. Dr. Dre
69%
Poker Face Lady Gaga
69%
Like a Prayer | Like a Virgin | Material Girl Madonna
69%
Memories | Sugar Maroon 5
69%
Breed | Moist Vagina | Rape Me | Smells Like Teen Spirit Nirvana
69%
Happy Pharrell Williams
69%
Hangover PSY ft. Snoop Dogg
69%
Another One Bites The Dust | Back Chat | Breakthru | +24 others Queen
69%
Chandelier | Cheap Thrills Sia
69%
Cheap Thrills Sia ft. Sean Paul
69%
Leave The Door Open Silk Sonic
69%
Gin And Juice | Who Am I (What's My Name?) Snoop Dogg
69%
Drop It Like It's Hot Snoop Dogg ft. Pharrell Williams
69%
Afterglow | Back To December | I Think He Knows | Shake It Off Taylor Swift
69%
How We Do The Game ft. 50 Cent
69%
Ambitionz Az A Ridah | Dear Mama | Do For Love | Ghetto Gospel Tupac Shakur
69%
All Eyez On Me Tupac Shakur ft. Big Syke
69%
Hit 'Em Up Tupac Shakur ft. Outlawz
69%
California Love Tupac Shakur ft. Roger, Dr. Dre
69%
Changes Tupac Shakur ft. Talent
69%
Runnin' (Dying To Live) Tupac Shakur ft. The Notorious B.I.G.
69%
Chlorine | Heavydirtysoul | Ride | +2 others twenty øne piløts
69%
It's a Long Way to the Top (If You Wanna Rock 'N' Roll) | Walk All Over You AC/DC
62%
Dude (Looks Like A Lady) Aerosmith
62%
Everybody (Backstreet's Back) Backstreet Boys
62%
Stayin Alive Bee Gees
62%
Pressure | Uptown Girl | We Didn't Start the Fire Billy Joel
62%
Fallin' Up | Joints & Jam | Karma Black Eyed Peas
62%
Hot Black Eyed Peas ft. Kim Hill
62%
Black Sabbath | Children of the Grave | Iron Man | +3 others Black Sabbath
62%
Bring It All To Me Blaque ft. *NSYNC
62%
Call Me Maybe Carly Rae Jepsen
62%
Deeez Nuuuts | Keep Their Heads Ringin' Dr. Dre
62%
Let's Groove | September Earth, Wind & Fire
62%
Somebody That I Used To Know Gotye ft. Kimbra
62%
American Idiot | Basket Case | Boulevard of Broken Dreams | +3 others Green Day
62%
99 Problems JAY-Z
62%
CAN'T STOP THE FEELING Justin Timberlake
62%
SexyBack Justin Timberlake ft. Timbaland
62%
S*xy And I Know It LMFAO
62%
Party Rock Anthem LMFAO ft. Lauren Bennett, GoonRock
62%
Disposable Heroes | Enter Sandman | Master Of Puppets | +6 others Metallica
62%
Bye Bye Bye *NSYNC
62%
F**k Tha Police | Gangsta Gangsta | Straight Outta Compton N.W.A.
62%
Wonderwall Oasis
62%
ATLiens | Ain't No Thang | Aquemini | +8 others Outkast
62%
Git Up, Git Out Outkast ft. Goodie Mob
62%
The Whole World Outkast ft. Killer Mike
62%
The Way You Move Outkast ft. Sleepy Brown
62%
Crazy Train | Mr. Crowley | No More Tears | Under the Graveyard Ozzy Osbourne
62%
Darling Nikki | Kiss | P. Control | +3 others Prince
62%
Losing My Religion R.E.M.
62%
Walk This Way Run-D.M.C. ft. Aerosmith
62%
Time Stand Still Rush ft. Aimee Mann
62%
Wannabe Spice Girls
62%
Break It Down Again | Everybody Wants To Rule The World | Head Over Heels | +2 others Tears For Fears
62%
Face Off Tech N9ne ft. Joey Cool, King Iso, Dwayne Johnson
62%
Boom Boom Pow | Don't Lie | I Gotta Feeling | +3 others The Black Eyed Peas
62%
Rock The Casbah | Should I Stay or Should I Go The Clash
62%
Big Poppa | Hypnotize | Juicy | +3 others The Notorious B.I.G.
62%
Mo Money Mo Problems The Notorious B.I.G. ft. Mase, Diddy
62%
No Scrubs TLC
62%
I Wanna Rock | We're Not Gonna Take It Twisted Sister
62%
My Boo Usher ft. Alicia Keys
62%
Dancing With Myself Billy Idol
54%
Tubthumping Chumbawamba
54%
Gangsta's Paradise Coolio ft. L.V.
54%
Sultans Of Swing Dire Straits
54%
Don't Start Now | New Rules Dua Lipa
54%
Levitating Dua Lipa ft. DaBaby
54%
Worth It Fifth Harmony ft. Kid Ink
54%
Work From Home Fifth Harmony ft. Ty Dolla $ign
54%
All I Wanna Do Is Make Love To You | Alone | Barracuda | +5 others Heart
54%
Thunder Imagine Dragons
54%
Heaven's On Fire | I Love It Loud | Lick It Up KISS
54%
FRIENDS Marshmello ft. Anne-Marie
54%
What Makes You Beautiful One Direction
54%
Counting Stars OneRepublic
54%
Blitzkrieg Bop | I Wanna Be Sedated Ramones
54%
Hit the Road Jack Ray Charles
54%
Californication | Can't Stop | Get Up And Jump Red Hot Chili Peppers
54%
Never Gonna Give You Up | She Wants To Dance With Me | Together Forever Rick Astley
54%
Smooth Santana ft. Rob Thomas
54%
Rapper's Delight The Sugarhill Gang
54%
Baby Can I Hold You Now | Fast Car Tracy Chapman
54%
Yeah! Usher ft. Lil Jon, Ludacris
54%
Wake Me Up Before You Go-Go Wham!
54%
Here I Go Again | Love Ain't No Stranger Whitesnake
54%
#thatPOWER will.i.am ft. Justin Bieber
54%
Brass Monkey | Fight For Your Right | Sabotage Beastie Boys
46%
Run The World (Girls) Beyoncé
46%
Burning Up (Fire) | Dynamite BTS
46%
Rockabye Clean Bandit ft. Sean Paul, Anne-Marie
46%
Mr. Jones Counting Crows
46%
Let's Dance | Modern Love David Bowie
46%
Thank You Dido
46%
Crazy Gnarls Barkley
46%
2 Minutes to Midnight | Iron Maiden | Wasting Love Iron Maiden
46%
Bang Bang Jessie J ft. Nicki Minaj, Ariana Grande
46%
Breaking The Law | Living After Midnight Judas Priest
46%
Lucid Dreams | Wishing Well Juice WRLD
46%
THATS WHAT I WANT Lil Nas X
46%
INDUSTRY BABY Lil Nas X ft. Jack Harlow
46%
Mambo No. 5 (a Little Bit of...) Lou Bega
46%
Happier Marshmello ft. Bastille
46%
Ace of Spades | Trigger Motörhead
46%
La La La Naughty Boy ft. Sam Smith
46%
Hot In Herre Nelly
46%
Dilemma Nelly ft. Kelly Rowland
46%
Do the Evolution | Even Flow Pearl Jam
46%
Roll the Bones | Tom Sawyer Rush
46%
Let's Talk About S*x | Shoop Salt-N-Pepa
46%
Kiss From A Rose Seal
46%
Boombastic Shaggy
46%
It Wasn't Me Shaggy ft. Rik Rok
46%
Don't You (Forget About Me) Simple Minds
46%
Pretty Fly (For A White Guy) | Why Don't You Get A Job The Offspring
46%
Gettin' Jiggy Wit It | Men In Black | Miami Will Smith
46%
Poison Alice Cooper
38%
family ties Baby Keem ft. Kendrick Lamar
38%
Solo Clean Bandit ft. Demi Lovato
38%
Symphony Clean Bandit ft. Zara Larsson
38%
Around the World | Harder, Better, Faster, Stronger | Robot Rock Daft Punk
38%
Holy Diver | Mystery | Rainbow In The Dark | The Last In Line Dio
38%
Mr. Blue Sky Electric Light Orchestra
38%
Hood Gone Love It Jay Rock ft. Kendrick Lamar
38%
Bitch, Don't Kill My Vibe | ELEMENT. | HUMBLE. | +8 others Kendrick Lamar
38%
P&P 1.5 Kendrick Lamar ft. Ab-Soul
38%
These Walls Kendrick Lamar ft. Bilal, Anna Wise, Thundercat
38%
No Make-Up (Her Vice) Kendrick Lamar ft. Colin Munroe
38%
Opposites Attract (Tomorrow W/O Her) Kendrick Lamar ft. JaVonté
38%
Now Or Never Kendrick Lamar ft. Mary J. Blige
38%
m.A.A.d city Kendrick Lamar ft. MC Eiht
38%
Michael Jordan Kendrick Lamar ft. ScHoolboy Q
38%
Thrift Shop Macklemore & Ryan Lewis ft. Wanz
38%
Rude MAGIC!
38%
Symphony Of Destruction Megadeth
38%
Girl You Know It's True Milli Vanilli
38%
Gentleman PSY
38%
Black Beatles Rae Sremmurd ft. Gucci Mane
38%
Collard Greens ScHoolboy Q ft. Kendrick Lamar
38%
Crank That (Soulja Boy) Soulja Boy Tell 'Em
38%
Kiss Me Thru The Phone Soulja Boy Tell 'Em ft. Sammie
38%
Ballroom Blitz | Poppa Joe Sweet
38%
Bad Reputation | The Boys Are Back In Town Thin Lizzy
38%
Runnin' with the Devil Van Halen
38%
Cherry Pie Warrant
38%
I Call Your Name a-ha
31%
Joy | Pompeii Bastille
31%
Panda Desiigner
31%
Party Up | Where The Hood At | X Gon' Give It To Ya DMX
31%
Trap Queen Fetty Wap
31%
Low Flo Rida ft. T-Pain
31%
It Was A Good Day Ice Cube
31%
Ain't Got No Haters Ice Cube ft. Too $hort
31%
Come and Get Your Love Redbone
31%
It's Tricky | Peter Piper Run-D.M.C.
31%
It's Like That Run-D.M.C. ft. Jason Nevins
31%
I'm A Believer Smash Mouth
31%
True Spandau Ballet
31%
Lovefool The Cardigans
31%
Fire Woman The Cult
31%
To: Nate Dogg Wanz ft. Warren G, Grynch, Crytical
31%
DDU-DU-DDU-DU | Hoe You Like That BLACKPINK
23%
Just Like Jesse James Cher
23%
679 Fetty Wap ft. Remy Boyz
23%
Pony Ginuwine
23%
Seven Days in Sunny June | Virtual Insanity Jamiroquai
23%
Day 'N' Nite Kid Cudi
23%
Get Low Lil Jon & The East Side Boyz ft. Ying Yang Twins
23%
Unwritten Natasha Bedingfield
23%
Beautiful Girls Sean Kingston
23%
Your Love The Outfield
23%
Praise The Lord (Da Shine) A$AP Rocky ft. Skepta
15%
Because I Got High | She Won't Let Me F*ck Afroman
15%
Ridin' Chamillionaire ft. Krayzie Bone
15%
Bodies Drowning Pool
15%
Epic | Falling To Pieces Faith No More
15%
All I Wanna Do Sheryl Crow
15%
Boom, Boom, Boom, Boom!! Vengaboys
15%
Locked Up Akon
8%
Just Like Paradise David Lee Roth
8%
Replay Iyaz
8%
This Is How We Do Katy Perry
8%
MONEY LISA
8%
Lose Control Missy Elliott ft. Ciara, Fatman Scoop
8%
Shook Ones, Pt. II Mobb Deep
8%
Hayloft Mother Mother
8%
Youth Gone Wild Skid Row
8%
200 Years Accept
0%
Lakeside Australian Crawl
0%
Sweet Leaf Black Sabath
0%
Navigate the Seas of the Sun Bruce Dickinson
0%
The World (Is Going Up In Flames) Charles Bradley ft. Menaham Street Band
0%
Rap Da Felicidade Cidinho & Doca ft. DJ Marlboro
0%
Quero Te Encontrar Claudinho & Buchecha
0%
Afternoons & Coffeespoons Crash Test Dummies
0%
Burn Deep Purple
0%
Meet In The Middle Diamond Rio
0%
A Reason to Fight | Are You Ready | No More | Saviour of Nothing Disturbed
0%
Thermodynamix dj-Nate
0%
When Tomorrow Comes Eurythmics
0%
Lost & Found Feint ft. R7CKY, Skyelle
0%
Bare Hands Fusage
0%
Everyday Normal Guy | Everyday Normal Guy 2 | Show Me Your Genitals | Show Me Your Genitals 2 E=MC Vag**a Jon Lajoie
0%
Monalisa | Que Nem Maré Jorge Vercillo
0%
Beggin (original version) | Liar Madcon
0%
Back On The Road Madcon ft. Paperboys
0%
Don't Worry Madcon ft. Ray Dalton
0%
The Way We Do Thangs Madcon ft. Timbuktu
0%
Vira-Vira Mamonas Assassinas
0%
Over My Shoulder Mike & The Mechanics
0%
Nuestra Canción Monsieur Periné ft. Vicente García
0%
Shine Mr. Big
0%
Believer | Dance Myrath
0%
Hustlin' Rick Ross
0%
Smoking Snakes Sabaton
0%
I Wish Skee-Loo
0%
In My Dreams With You Steve Vai
0%
Not Promised Tomorrow Stuck Mojo
0%
3233 + Colour My XTC | I'll Be Waiting | In Make Believe | +4 others Talisman
0%
3 Days in Darkness Testament
0%
Promises The Cranberries
0%
Homem primata | O que Titãs
0%
cherry soda tuv
0%
No matching quizzes found
Score Distribution
Percent of People with Each Score
Percentile by Number Answered
Your Score History
You have not taken this quiz since the last reset